right where you left me - Taylor Swift (All Lyrics) - Statistics

General Stats
  • This quiz has been taken 2,881 times
  • The average score is 341 of 412
Answer Stats
Answer % Correct
a
98%
I
98%
you
98%
You
98%
I'm
97%
left
97%
me
97%
right
97%
Right
97%
the
97%
where
97%
But
95%
but
95%
up
95%
in
94%
still
94%
Still
94%
at
93%
At
93%
on
93%
to
93%
hear
92%
restaurant
91%
and
90%
And
90%
break
90%
get
90%
stay
90%
ever
89%
Friends
89%
friends
89%
no
89%
corner
88%
for
88%
her
88%
married
88%
sitting
88%
every
87%
when
87%
Help
86%
Strangers
86%
strangers
86%
hair
85%
pin
85%
there
85%
haunt
84%
my
84%
so
84%
here
83%
choice
82%
who
82%
Everybody
81%
everybody
81%
forever
81%
buried
80%
Did
80%
girl
80%
got
80%
it
80%
moved
80%
They
80%
they
80%
about
79%
Dust
79%
dust
79%
Some
79%
pinned
78%
She
78%
was
77%
23
76%
born
76%
could
76%
fly
76%
light
76%
stayed
76%
what
76%
sad
75%
say
75%
that
75%
Time
75%
be
74%
collected
74%
dim
74%
drop
74%
fantasy
73%
Glass
73%
new
73%
one
73%
rumors
73%
She's
73%
frozen
72%
inside
72%
oh
72%
sight
72%
white
72%
Cross
71%
shattered
71%
skies
71%
moment
70%
other
69%
stop
69%
want
69%
cloth
68%
legged
68%
delusion
67%
know
67%
of
67%
through
67%
each
66%
felt
66%
change
65%
lives
65%
told
65%
won't
65%
after
64%
burn
64%
don't
64%
find
64%
have
64%
went
64%
you're
64%
someone
63%
stick
63%
Cause
62%
cause
62%
else
62%
front
62%
met
62%
sat
62%
just
61%
Kids
61%
pages
61%
turn
61%
wife
61%
day
60%
out
60%
supposed
60%
Christmas
59%
expected
59%
feel
59%
swear
59%
Trends
59%
Breakups
58%
happen
58%
How
58%
lose
58%
mascara
58%
Matches
58%
run
58%
perspective
57%
somewhere
57%
everything
56%
stared
56%
sure
56%
unaware
56%
If
54%
if
54%
learned
54%
lessons
54%
harm
51%
love
50%
earned
48%
Mind
47%
Wages
47%
young
46%
business
44%
can't
44%
it's
42%
think
42%
wrong
41%
died
40%
witness
39%
our
38%
bear
36%
been
36%
long
35%
No matching quizzes found
Score Distribution
Percent of People with Each Score
Percentile by Number Answered
Your Score History
You have not taken this quiz